Guess The Taylor Swift Song With No Hint #3 - Statistics

General Stats
  • This quiz has been taken 11 times
  • The average score is 287 of 390
Answer Stats
Answer % Correct
a
100%
And
100%
and
100%
at
100%
Do
100%
ever
100%
every
100%
Every
100%
I
100%
(I
100%
I'm
100%
It's
100%
like
100%
look
100%
me
100%
me?
100%
me)
100%
me),
100%
No
100%
of
100%
on
100%
saw
100%
so
100%
that
100%
(That
100%
the
100%
The
100%
time
100%
to
100%
what
100%
you
100%
You
100%
your
100%
Your
100%
all
86%
(all
86%
be
86%
But
86%
but
86%
first
86%
for
86%
friends
86%
from
86%
From
86%
her
86%
high
86%
how
86%
in
86%
just
86%
knew
86%
know
86%
know,
86%
my
86%
night
86%
not
86%
school
86%
school)
86%
Tell
86%
Then
86%
with
86%
again
71%
are
71%
Are
71%
Aristotle
71%
ball,
71%
did
71%
eye
71%
feel
71%
got
71%
Grand
71%
had
71%
(had
71%
I'll
71%
jokes
71%
laughing
71%
middle
71%
or
71%
our
71%
play
71%
us
71%
American
57%
Auto
57%
babe
57%
bottles
57%
'bout
57%
boy,
57%
crowd
57%
dad
57%
dare,
57%
find
57%
Get
57%
gonna
57%
hide
57%
honor
57%
impression
57%
kill
57%
(Kill
57%
kiss,
57%
marry,
57%
one's
57%
Pie
57%
practice
57%
really
57%
(really)
57%
Saturday
57%
spin
57%
Theft
57%
think,
57%
Touch
57%
Truth,
57%
wanna
57%
wanted
57%
watching
57%
while
57%
ah-ah-ah-ah-ah
43%
already
43%
around,
43%
backseat
43%
(backseat)
43%
Bittersweet
43%
blink
43%
bros
43%
car
43%
'Cause
43%
damn
43%
drink
43%
game,
43%
isn't
43%
pull
43%
quiet
43%
scouts
43%
sighs
43%
sixteen
43%
stifle
43%
true,
43%
trying
43%
two
43%
bettin'
29%
Brand
29%
door,
29%
fingers
29%
full-throttle
29%
hearing
29%
lights
29%
new,
29%
smoking
29%
suddenly
29%
swear,
29%
sweet?
29%
sweet)
29%
three
29%
three)
29%
voices
29%
Cheeks
14%
crinkling
14%
entwined
14%
madman
14%
pink
14%
sinking,
14%
twinkling
14%
wrinkle
14%
(yeah)
14%
brink
0%
No matching quizzes found
Score Distribution
Percent of People with Each Score
Percentile by Number Answered
Your Score History
You have not taken this quiz